Dossier de castellano
Publicado:
Barcelona :
Diputació de Barcelona. Àrea d'Educació. Centre de Formació d'Adults Can Batlló, [2007]-
Descripción Física:
75 p. ; 30 cm
Materias:
Castellà -- Problemes, exercicis, etc.
MARC
| LEADER | 00000nam a2200000Ia 4500 | ||
|---|---|---|---|
| 001 | 19315, 20721, 22197 | ||
| 008 | 160829s9999 xx 000 0 cat d | ||
| 080 | |a E-1-283, E-1-306, E-1-361 | ||
| 245 | |a Dossier de castellano | ||
| 260 | |a Barcelona : |b Diputació de Barcelona. Àrea d'Educació. Centre de Formació d'Adults Can Batlló, [2007]- | ||
| 300 | |a 75 p. ; |c 30 cm | ||
| 590 | |a Accés als Cicles Formatius de Grau Superior | ||
| 650 | |a Castellà |x Problemes, exercicis, etc. |9 39539 | ||
| 710 | |a Barcelona (Catalunya : Província). |b Àrea d'Educació |9 8009 | ||
| 710 | 2 | |a Centre de Formació d'Adults Can Batlló |9 55011 | |
| 866 | |a Curs: 2007 - 2008, 2008 - 2009, 2009 - 2010 | ||
| 901 | |a Arxiu | ||
| 942 | |n 1 | ||
| 952 | |0 0 |1 0 |4 0 |6 E1283_E1306_E1361 |7 1 |9 53139 |a Arxiu |b Arxiu |d 2016-12-01 |l 0 |o E-1-283, E-1-306, E-1-361 |p 19315, 20721, 22197 |r 2016-12-01 00:00:00 |w 2016-12-01 |y ARXIU | ||
| 999 | |c 56988 |d 56988 | ||